Fiat Car Models Worldwide 2024-25 - Statistics

General Stats
  • This quiz has been taken 372 times
    112 since last reset
  • The average score is 15 of 32
Answer Stats
Hint Answer % Correct
City Car EV 500e
90%
Subcompact Hatchback Grande Panda
73%
City Car Panda
71%
City Car Panda 4x4
71%
City Car Panda City Cross
71%
City Car Panda Cross
71%
Commerial Van Ducato
61%
Commercial Van EV e-Ducato
61%
Compact Sedan Tipo
61%
Compact Wagon Tipo Cross
61%
Compact Wagon Tipo Estate
61%
Compact Hatchback Tipo Hatchback
61%
Subcompact Crossover EV 600e
57%
Commercial Van Doblò
55%
Commercial Van EV e-Doblò
55%
Subcompact Crossover 500X
52%
Roadster 124 Spider
45%
Heavy Quadricycle EV Topolino
40%
Commercial Van Fiorino
38%
Subcompact Pickup Strada
36%
Subcompact Hatchback Uno
36%
Commercial Van EV e-Scudo
35%
Commercial Van Scudo
35%
Subcompact SUV Fastback
34%
Compact Pickup Toro
30%
Subcompact Sedan Cronos
26%
Subcompact SUV Pulse
26%
Subcompact Hatchback Argo
25%
Minivan EV e-Ulysse
22%
City Car Mobi
22%
Midsize Pickup Titano
22%
Minivan Ulysse
22%
No matching quizzes found
Score Distribution
Percent of People with Each Score
Percentile by Number Answered
Your Score History
You have not taken this quiz since the last reset